Methodological problems in selection and analysis of socioeconomic development indicators /

Enregistré dans:
Détails bibliographiques
Auteur principal: McGranahan, Donald
Autres auteurs: Pizarro, Eduardo Richard, Claude
Format: Texte
Publié: Geneva: UNRISD
Tags: Ajouter un tag
Pas de tags, Soyez le premier à ajouter un tag!

MARC

LEADER 00000 a a2200000 04500
001 22288
003
040
090 |a 150900  
100 |a McGranahan, Donald  
245 |a Methodological problems in selection and analysis of socioeconomic development indicators /  |c Donald McGranahan  
260 |a Geneva:   |b UNRISD  
300 |a p. irreg.  
700 |a Pizarro, Eduardo   |a Richard, Claude  
999 |c 11451  |d 11451